| 000 | 01038nam a2200265Ia 4500 | ||
|---|---|---|---|
| 003 | OSt | ||
| 005 | 20221005105217.0 | ||
| 006 | a|||||r|||| 00| 0 | ||
| 007 | ta | ||
| 008 | 221004b |||||||| |||| 00| 0 hin d | ||
| 020 |
_a9789383292165 (hbk) _c1350 |
||
| 024 | _a14761 | ||
| 037 |
_b145, 28/10/2014, Eastern Book Linkers _cTextual |
||
| 040 |
_aCRL _cCRL _bhin |
||
| 041 |
_2hin _ahin |
||
| 082 | _aQ2:4x1:g, 152Q4 | ||
| 100 | _aयादव, ममता | ||
| 245 | 0 | _aमनुस्मृति एंव याज्ञवल्क्यस्मृति का तुलनात्मक अध्ययन | |
| 246 | _aManusmṛuti eanva yāgnavalkyasmṛuti kā tulanātmak adhyayana | ||
| 260 |
_aनई दिल्ली _bअल्फा पब्लिकेशन्स भारत _c2014 |
||
| 300 |
_a492पृ0 _ccm. |
||
| 650 | _aधर्म | ||
| 942 |
_hQ2:4x1:g, 152Q4 _cTEXL _2cc |
||
| 999 |
_c1015131 _d1015131 |
||